Průmyslové vlastnictví

Guardado en:
Detalles Bibliográficos
Formato: Seriadas
Lenguaje:checo
Publicado: Praha Státní nakladatelství technické literatury
Materias:
Etiquetas: Agregar Etiqueta
Sin Etiquetas, Sea el primero en etiquetar este registro!

MARC

LEADER 00000nas1a22000001 4500
001 s120573
005 20041019155346.1
022 |a 0139-701X 
041 0 |a cze 
044 |a CZ 
245 1 0 |a Průmyslové vlastnictví 
264 1 |a Praha  |b Státní nakladatelství technické literatury 
610 2 0 |a právo priemyselné 
610 2 0 |a vzory priemyselné